Tile Trivia #1 - Statistics

General Stats
  • This quiz has been taken 94 times
    87 since last reset
  • The average score is 36 of 56
Answer Stats
Question Tile Select % Correct
Buildings that have been the tallest in the world Empire State Building Yes
96%
Buildings that have been the tallest in the world Trump International Hotel and Tower No
95%
Countries with stars on their flag Hungary No
93%
People who have walked on the moon Neil Armstrong Yes
93%
Buildings that have been the tallest in the world Bank of America Tower No
90%
Old Testament books James No
90%
People who have walked on the moon Buzz Aldrin Yes
89%
Countries with stars on their flag Peru No
89%
Old Testament books Philippians No
89%
Countries with stars on their flag South Africa No
84%
People who have walked on the moon Yuri Gagarin No
84%
Old Testament books Exodus Yes
83%
Countries with stars on their flag Jamaica No
83%
Countries with stars on their flag Uganda No
83%
People who have walked on the moon Jack Swigert No
81%
People who have walked on the moon Michael Collins No
81%
Countries with stars on their flag Mexico No
80%
Old Testament books Matthew No
79%
Countries with stars on their flag Cuba Yes
78%
Countries with stars on their flag North Korea Yes
78%
Academy Award for Best Actor winners Edward Norton No
76%
Old Testament books Luke No
76%
Countries with stars on their flag Colombia No
74%
Buildings that have been the tallest in the world Petronas Towers Yes
71%
Academy Award for Best Actor winners Dustin Hoffman Yes
69%
Old Testament books Job Yes
68%
People who have walked on the moon John Glenn No
68%
Academy Award for Best Actor winners Johnny Depp No
65%
Old Testament books Revelations No
65%
Academy Award for Best Actor winners Al Pacino Yes
64%
Old Testament books Ezekiel Yes
64%
Old Testament books Numbers Yes
64%
Buildings that have been the tallest in the world Taipei 101 Yes
64%
Academy Award for Best Actor winners Samuel L. Jackson No
63%
Countries with stars on their flag Bosnia and Herzegovina Yes
60%
Academy Award for Best Actor winners Brad Pitt No
59%
Buildings that have been the tallest in the world Willis Tower (formerly the Sears Tower) Yes
55%
Old Testament books Jeremiah Yes
53%
Academy Award for Best Actor winners Henry Fonda Yes
51%
Academy Award for Best Actor winners Kevin Spacey Yes
49%
Buildings that have been the tallest in the world One World Trade Center No
49%
Academy Award for Best Actor winners Robert Redford No
49%
Countries with stars on their flag Mauritania Yes
46%
Countries with stars on their flag Angola Yes
45%
Old Testament books Daniel Yes
45%
Buildings that have been the tallest in the world Chrysler Building Yes
44%
People who have walked on the moon Alan Shepard Yes
43%
Old Testament books Josiah Yes
43%
Academy Award for Best Actor winners Gene Hackman Yes
41%
Academy Award for Best Actor winners Michael Douglas Yes
41%
Academy Award for Best Actor winners Forest Whitaker Yes
40%
Academy Award for Best Actor winners Clint Eastwood No
36%
Academy Award for Best Actor winners Gary Cooper Yes
31%
Academy Award for Best Actor winners Jeff Bridges Yes
30%
People who have walked on the moon Alan Bean Yes
24%
Academy Award for Best Actor winners Bing Crosby Yes
14%
No matching quizzes found
Score Distribution
Percent of People with Each Score
Percentile by Number Answered
Your Score History
You have not taken this quiz since the last reset